INSULIN THERAPY MADE EASY (Record no. 25465)

MARC details
000 -LEADER
fixed length control field 00395nam a22001697a 4500
003 - CONTROL NUMBER IDENTIFIER
control field SGT
020 ## - INTERNATIONAL STANDARD BOOK NUMBER
International Standard Book Number 9789389587937
082 ## - DEWEY DECIMAL CLASSIFICATION NUMBER
Classification number 616.4
Item number I20K
100 ## - MAIN ENTRY--PERSONAL NAME
Personal name KALRA, SANJAY
245 ## - TITLE STATEMENT
Title INSULIN THERAPY MADE EASY
250 ## - EDITION STATEMENT
Edition statement 1ST
260 ## - PUBLICATION, DISTRIBUTION, ETC. (IMPRINT)
Place of publication, distribution, etc INDIA
Name of publisher, distributor, etc JAYPEE PUB
Year of Publication 2020
300 ## - PAGE DESCRIPTION
No. of Pages 110
650 ## - SUBJECT ADDED ENTRY--TOPICAL TERM
Topical term or geographic name as entry element GENERAL MEDICINE
653 ## - KEYWORDS--INDEX TERM
Keyword term INSULIN THERAPY. MADE EASY, DIABETES
942 ## - ADDED ENTRY ELEMENTS (KOHA)
Source of classification or shelving scheme Dewey Decimal Classification
Koha item type Books
Holdings
Withdrawn status Lost status Source of classification or shelving scheme Damaged status Not for loan Collection code Home library Current library Shelving location Date acquired Vendor Name Cost, normal purchase price SGTU Bill Number Total Checkouts Full call number Accession No. (Barcode) Date last seen Bill Date Koha item type
    Dewey Decimal Classification   Not For Loan MEDICAL SGT Medical Library SGT Medical Library Reference Book 23/12/2023 ABC DELHI 1450.00 SGTU 17259   616.4 I20K FM14355 23/12/2023 18/08/2023 Books